000 00323nam a22001457a 4500
008 210303b ||||| |||| 00| 0 eng d
020 _a9780131118263
041 _aeng
080 _27th
_a004
082 _a004
100 _a28
101 _aSHKI
245 _aJava Advanced Features
_cHorstmann, C. S
942 _2udc
_cBK
999 _c55576
_d55576